LEADER 03850nam 22006255 450 001 9910586586403321 005 20230810175524.0 010 $a9783031081040$b(electronic book) 010 $z9783031081033$b(print) 024 7 $a10.1007/978-3-031-08104-0 035 $a(MiAaPQ)EBC7069934 035 $a(Au-PeEL)EBL7069934 035 $a(CKB)24342441100041 035 $a(DE-He213)978-3-031-08104-0 035 $a(PPN)264193539 035 $a(iGPub)SPNA0091525 035 $a(EXLCZ)9924342441100041 100 $a20220804d2022 u| 0 101 0 $aeng 135 $aurcnu|||||||| 181 $ctxt$2rdacontent 182 $cc$2rdamedia 183 $acr$2rdacarrier 200 10$aIntangible Cultural Heritage, Sustainable Development and Intellectual Property $eInternational and European Perspectives /$fby Benedetta Ubertazzi 205 $a1st ed. 2022. 210 1$aCham :$cSpringer International Publishing :$cImprint: Springer,$d2022. 215 $a1 online resource (xiii, 384 pages) 225 1 $aMunich Studies on Innovation and Competition,$x2199-7470 ;$v18 320 $aIncludes bibliographical references. 327 $aIntangible Cultural Heritage -- Sustainable Development and Intangible Cultural Heritage -- Intellectual Property Rights and Intangible Cultural Heritage -- Intellectual Property Rights and Intangible Cultural Heritage Inscribed in the UNESCO Lists -- The Relationship Between Intangible Cultural Heritage, Sustainable Development and Intellectual Property Rights. 330 $aThis book critically analyses the relationships between intangible cultural heritage (ICH), sustainable development and intellectual property rights (IPRs). The author argues that although the use of IPRs to safeguard ICH presents challenges and has impeded sustainable development in some cases, the adoption of these rights on ICH also presents opportunities and, fundamentally, is not contrary to the spirit of the UNESCO Convention for the Safeguarding of the Intangible Cultural Heritage (UNESCO 2003 Convention). The adoption of IPRs on ICH can form an important part of the development of sustainable safeguarding plans capable of benefitting the communities, groups and individuals (CGIs) that create, maintain and transmit such heritage. The book provides a nuanced analysis of the relationship between intellectual property (IP) law and ICH as well as examining the role of IPRs in safeguarding ICH through the lens of sustainable development. It analyses the relationship between IP law and ICH from environmental, social and economic perspectives. These perspectives allow a thorough evaluation of both the positive effects and potential pitfalls of adopting IPRs to safeguard ICH. The book addresses deeper structural matters that refer back to the safeguarding of social and environmental processes underlying ICH. 410 0$aMunich Studies on Innovation and Competition,$x2199-7470 ;$v18 606 $aInformation technology$xLaw and legislation 606 $aMass media$xLaw and legislation 606 $aCultural property 606 $aSustainability 606 $aIT Law, Media Law, Intellectual Property 606 $aCultural Heritage 606 $aSustainability 615 0$aInformation technology$xLaw and legislation. 615 0$aMass media$xLaw and legislation. 615 0$aCultural property. 615 0$aSustainability. 615 14$aIT Law, Media Law, Intellectual Property. 615 24$aCultural Heritage. 615 24$aSustainability. 676 $a344.094 676 $a346.048 700 $aUbertazzi$b Benedetta$0508409 801 0$bMiAaPQ 801 1$bMiAaPQ 801 2$bMiAaPQ 912 $a9910586586403321 996 $aIntangible Cultural Heritage, Sustainable Development and Intellectual Property$92904872 997 $aUNINA